WWE 2023 - Statistiques

Statistiques générales
  • Ce quiz a été pris 1 399 fois
  • Le résultat moyen est 11 sur 18
Statistiques - réponses
Question Réponse % Correct
Quel mouvement a été initié par Jey Uso ? YEET MOVEMENT
88%
Qui a rejoint l'Alpha Academy d'Otis, Maxxine Dupri et Chad Gable lors du RAW du 23 octobre ? Akira Tozawa
86%
Qui a fait son retour lors de Backlash pour aider Bad Bunny face à Damian Priest ? Carlito
86%
Qui a trahit Roman Reigns après la victoire de ce dernier face à Kevin Owens lors du Main Event du Royal Rumble ? Sami Zayn
86%
Qui est devenu le nouveau champion des Etats-Unis en battant Rey Mysterio lors de Crown Jewel ? Logan Paul
79%
Quelle superstar a battu le record de longévité de Rey Mysterio sur le ring lors du Royal Rumble Match de 2023 ? Gunther
73%
Qui a remporté le Money In The Bank féminin ? Iyo Sky
71%
Qui a fait son retour à la toute fin des War Games ? CM Punk
67%
Quelle catcheuse à fait son retour à la WWE lors de Crown Jewel pour venir en aide à Iyo Sky ? Kairi Sane
67%
Contre qui Edge a fait son dernier combat à la WWE avant de rejoindre l'AEW ? Sheamus
56%
Qui est devenu le manager des Streets Profits ? Bobby Lashley
52%
Dans quelle ville a eu lieu Summerslam 2023 ? Détroit
51%
Quelle superstar ne fait pas partie de la vague de licenciement de septembre 2023 ? Cedric Alexander
48%
Qui a remporté lors de NXT Deadline, l'iron suvivor challenge men match ? Trick Williams
36%
Quel est le seul catcheur à avoir réussi à gagner son combat contre Gunther en 1v1 ? Chad Gable
35%
Contre qui Baron Corbin a combattu lors du WWE Paris 2023 ? Rick Boogs
34%
Combien de fois Seth Rollins a défendu son titre World Heavyweight ? 9
23%
Parmi ces 4 femmes, laquelle est entrée dans le Hall of Fame en 2023 Stacy Keibler
21%
Aucun quiz correspondant
Distribution des résultats
% des personnes avec chaque résultat
Percentile par nombre de réponses
Votre historique - résultats
Vous n’avez pas pris ce quiz